Statistics for Countries, US States, Capitals, Elements, 100 Most Common Words: Starting with U

Click here to take the quiz!

General Stats

  • This quiz has been taken 3,942 times
  • The average score is 10 of 13

Answer Stats

ANSWER % Correct
Us
89%
Uruguay
85%
United Kingdom
85%
Uganda
82%
Uranium
82%
United States
80%
Uzbekistan
76%
Utah
74%
Ukraine
70%
United Arab Emirates
70%
Ulaanbaatar
62%
Up
62%
Use
54%

Score Distribution

Percentile by Number Answered

Percent of People with Each Score

Your Score History

You have not taken this quiz